00677nam a2200181 a 450000500170000000800410001702000150005805000230007310000200009624500880011625000190020426000560022344000340027965000300031365000310034399900190037495201020039320140414132114.0110826s19uu xx 00 eng d a0895295962 aTR 372.4bD71 2006 aDoman, Glenn J. aHow to teach your baby to read : the gentle revolution /cGlenn Doman, Janet Doman. aRev & updated. aGarden City Park, N.Y. :bAvery Pub. Group,cc1994. a The Gentle revolution series aReading (Early childhood) aEarly childhood education. c114859d114859 001040aMUbMUcTRd2011-08-26l0oTR 372.4 D71 2006pM6770r2014-04-14 00:00:00w2014-04-14yBK